TYLER, THE CREATOR - BEST INTEREST LYRICS - Statistics

General Stats
  • This quiz has been taken 76 times
  • The average score is 131 of 214
Answer Stats
Answer % Correct
I
100%
i
100%
a
98%
b
97%
the
97%
no
95%
to
93%
need
92%
worry
92%
it
90%
you
90%
best
87%
interest
87%
just
87%
darling
85%
couple
82%
it's
82%
things
82%
i'm
77%
your
74%
can
70%
side
70%
up
66%
give
62%
keep
62%
if
61%
i'll
61%
third
61%
home
59%
play
59%
wheeler
57%
wrecker
57%
between
56%
see
52%
and
49%
games
49%
playing
49%
was
49%
nigga
48%
better
46%
out
44%
don't
43%
here
43%
with
43%
because
41%
of
39%
other
39%
when
39%
got
38%
like
36%
me
36%
for
34%
is
34%
lame
34%
paparazzi
34%
wanna
34%
five
33%
around
31%
pictures
31%
sneak
31%
gotta
28%
my
28%
probably
28%
hide
26%
sleep
26%
top
26%
minutes
25%
fuck
23%
morning
23%
that
23%
yeehaw
21%
blow
20%
spot
20%
know
18%
never
18%
one
18%
so
18%
what
18%
would
18%
landlord
15%
carry
13%
seesaw
13%
shot
13%
this
13%
place
11%
sore
11%
took
11%
until
11%
weight
11%
ball
10%
fake
10%
hands
10%
team
10%
y'all
10%
No matching quizzes found
Score Distribution
Percent of People with Each Score
Percentile by Number Answered
Your Score History
You have not taken this quiz